|
|
|
|
| LEADER |
02086nam a22005532a 4500 |
| 001 |
000050096 |
| 003 |
CZ BrMZK |
| 005 |
20260312100717.0 |
| 007 |
ta |
| 008 |
010907s1987 xr a e 000 0bcze d |
| 015 |
|
|
|a cnb000039243
|
| 035 |
|
|
|a (OCoLC)19718912
|
| 040 |
|
|
|a BOA001
|b cze
|
| 043 |
|
|
|a e-xr---
|b e-xr-ol
|2 czenas
|
| 045 |
|
|
|a v9w5
|
| 072 |
|
7 |
|a 615.8
|x Fyzioterapie. Psychoterapie. Alternativní lékařství
|2 Konspekt
|9 14
|
| 072 |
|
7 |
|a 929
|x Biografie
|2 Konspekt
|9 8
|
| 080 |
|
|
|a 615.838-051
|2 MRF
|
| 080 |
|
|
|a 615.89-051
|2 MRF
|
| 080 |
|
|
|a 929
|2 MRF
|
| 080 |
|
|
|a 615.838
|2 MRF
|
| 080 |
|
|
|a (437.325)
|2 MRF
|
| 080 |
|
|
|a (092)
|2 MRF
|
| 100 |
1 |
|
|a Kočka, Miloš,
|d 1910-2010
|7 jk01061020
|4 aut
|
| 245 |
1 |
0 |
|a Prameny živé vody /
|c Miloš Kočka
|
| 250 |
|
|
|a 1. vyd.
|
| 260 |
|
|
|a Praha :
|b Práce,
|c 1987
|
| 300 |
|
|
|a 371 s. :
|b il. ;
|c 21 cm
|
| 490 |
1 |
|
|a Erb
|
| 500 |
|
|
|a 38000 výt.Rodokmeny
|
| 500 |
|
|
|a Rodokmeny
|
| 600 |
1 |
7 |
|a Priessnitz, Vincent,
|d 1799-1851
|7 jk01101065
|2 czenas
|
| 610 |
2 |
7 |
|a Priessnitzovy léčebné lázně (firma)
|7 kn20020610002
|2 czenas
|
| 648 |
|
4 |
|a 1799-1851
|
| 648 |
|
7 |
|a 19. století
|7 ch460557
|2 czenas
|
| 650 |
0 |
7 |
|a balneologové
|7 ph249379
|z Česko
|y 19. století
|2 czenas
|
| 650 |
0 |
7 |
|a lidoví léčitelé
|7 ph122327
|z Česko
|y 19. století
|2 czenas
|
| 650 |
0 |
7 |
|a balneoterapie
|7 ph118740
|z Česko
|y 19. století
|2 czenas
|
| 650 |
0 |
7 |
|a hydroterapie
|7 ph139279
|z Česko
|y 19. století
|2 czenas
|
| 650 |
0 |
7 |
|a lázně
|7 ph136956
|z Česko
|y 19. století
|2 czenas
|
| 651 |
|
7 |
|a Lázně Jeseník (Jeseník, Česko)
|7 ge129918
|2 czenas
|
| 655 |
|
7 |
|a biografie
|7 fd131909
|2 czenas
|
| 830 |
|
0 |
|a Erb (Práce)
|0 s
|
| 856 |
4 |
1 |
|u http://www.digitalniknihovna.cz/mzk/uuid/uuid:a08ea4b0-92cd-11e2-9a08-005056827e52
|y Digitalizovaný dokument
|x NDK
|
| 910 |
|
|
|a BOA001
|b PK-0107.439
|b 2-0932.528
|
| 920 |
|
|
|a 000173857
|
| 990 |
|
|
|a BK
|
| 996 |
7 |
|
|b 2619948512
|c 2-0932.528
|l MZK
|r Sklad / do 1 hodiny
|n 10
|w 000050096
|u 000020
|a 1
|e BOA001
|j MZK50
|s A
|
| 996 |
7 |
|
|b 3119979502
|c PK-0107.439
|l MZK
|r Sklad / do 1 hodiny
|n 9
|w 000050096
|u 000010
|a 1
|e BOA001
|j MZK50
|s A
|